• 首页
  • 本馆介绍
  • 公告通知
  • 最新文献
  • 馆藏检索
  • 电子资源
  • 读者导购
  • 参考咨询
  • 我的图书馆
  • 登录
  • 详细信息显示
  • 放入我的书架
  • 预约/预借图书
  • 作者相关作品
  • 分类相关作品
  • 丛书相关作品
  • 出版社相关作品

书目信息

  • 表格格式
  • 工作单格式
  • 卡片格式
题名:
课程改革中的学校文化
    
 
作者: 唐丽芳 著
分册:  
出版信息: 长春   东北师范大学出版社  2015
页数: 283页
开本: 23cm
丛书名: 东北师范大学教育科学博士论文文库
单 册:
中图分类: G632.3 , G637
科图分类:
主题词: 课程改革--教学研究--中学 , 中学--校园文化--研究
电子资源:
ISBN: 978-7-5681-0360-2
000 01161nam0 2200289 450
001 012015000144
005 20151210162154.59
010    @a978-7-5681-0360-2@dCNY58.00
100    @a20150712d2015 kemy0chiy50 ea
101 0  @achi@deng
102    @aCN@b220000
105    @ay v 000yy
106    @ar
200 1  @a课程改革中的学校文化@Ake cheng gai ge zhong de xue xiao wen hua@e一所学校的个案研究@f唐丽芳著
205    @a2版
210    @a长春@c东北师范大学出版社@d2015
215    @a283页@d23cm
225 2  @a东北师范大学教育科学博士论文文库
330    @a本书从学校文化的分析视角入手,以“学校的历史”、“学校的愿景与目标”、“学校的制度规则”、“学校的人际关系规范”以及“教师的教学实践”几个维度为主,采用观察、访谈、文件分析和问卷调查等多种研究手段,分析了一所普通中学在新课程改革背景下学校文化的实然状况、形成的原因、对新课程改革的影响以及学校文化的变化历程。
410  0 @12001 @a东北师范大学教育科学博士论文文库
606 0  @a课程改革@x教学研究@x中学
606 0  @a中学@x校园文化@x研究
690    @aG632.3@v5
690    @aG637@v5
701  0 @a唐丽芳@Atang li fang@4著
801  0 @aCN@b碧洲教育@c20151129
905    @a10447@f3@dG632.3@e373=2
    
    课程改革中的学校文化:一所学校的个案研究/唐丽芳著.-2版.-长春:东北师范大学出版社,2015
    283页;23cm.-(东北师范大学教育科学博士论文文库)
    
    
    ISBN 978-7-5681-0360-2:CNY58.00
    本书从学校文化的分析视角入手,以“学校的历史”、“学校的愿景与目标”、“学校的制度规则”、“学校的人际关系规范”以及“教师的教学实践”几个维度为主,采用观察、访谈、文件分析和问卷调查等多种研究手段,分析了一所普通中学在新课程改革背景下学校文化的实然状况、形成的原因、对新课程改革的影响以及学校文化的变化历程。
●
相关链接 在E读中查询图书 在五车中查询图书 在当当中查询图书 在豆瓣中查询图书


正题名:课程改革中的学校文化     索取号:G632.3/373=2         预约/预借

序号 登录号 条形码 馆藏地/架位号 状态 备注
1 0872017   208720179   第一样本阅览室/ [索取号:G632.3/373=2] 在馆    
2 0872018   208720188   教育系资料室/ [索取号:G632.3/373=2] 在馆    
3 0872019   208720197   教育系资料室/ [索取号:G632.3/373=2] 在馆    
欢迎您!
大连网信软件有限公司© 版权所有